000 00527cas a22001815a 4500
001 L139797
008 070809c1909 xxkar p 0 a0eng u
035 _a(Sirsi) u139797
041 0 _aeng
110 2 _aRating Surveyors' Association
_92328
245 0 0 _aList of Members
260 _aLondon
_bRating Surveyors' Association
_c[19-?]-
362 0 _a1927/8-1963/4 (incomplete holdings)
554 _aOne per year
651 4 _aEngland and Wales
_y1543-
690 _aPROPERTY-PROPERTY APPRAISAL AND VALUATION
942 _n0
999 _c119127
_d119127